Регионална библиотека "Любен Каравелов" - Русе

Отворено писмо (Запис номер 500479)

MARC детайли
000 -Лидер
Лидер 01493aaa a2200277 a 4500
003 - Код на организацията, давaща контролен номер
Код на организацията, даваща контролен номер BLK
005 - Дата и час на последна редакция
Дата и час на последна редакция 20240228130008.0
007 - Фиксирано поле за физическо описани
Физическо описание ta
008 - Елементи от данни с фиксирана дължина
Елементи с фиксирана дължина 221104b bu |||||r|||| 00| | bu d
040 ## - Източник на каталожния запис
Код на библиотеката BLK
041 ## - Код за език
Език Български
Език за КДБФ Български
080 ## - УДК
УДК текст Опазване на околната среда
УДК код 502
УДК – определител (497.215)
УДК – код + определител 502(497.215)
100 ## - Редна дума - Автор
Автор Бакърджиев, Тодор Анастасов
Години, свързани с автора 1942-
Биография на автора Филолог. Историк. Публицист, сатирик, автор на афоризми.
R(LIN) 261637
245 ## - Сведения за заглавието
Заглавие Отворено писмо
Авторска отговорност Тодор Бакърджиев
300 ## - Физическа характеристика
Брой страници № 9, 27 февр. 1988, с. 7
520 ## - Забележка за наличие на резюме, анотация и т.н
Анотация, рецензия До акад. Благовест Сендов – член на Международната фондация за оцеляване на човечеството във връзка със замърсяването на Русе от вредни хлорни газове
653 ## - Ключова дума – ненормативна
9 (RLIN) 200037
Ключови думи хлор
653 ## - Ключова дума – ненормативна
9 (RLIN) 186796
Ключови думи замърсяване на въздуха
653 ## - Ключова дума – ненормативна
9 (RLIN) 193794
Ключови думи писма
773 0# - Описание на основна библиографска единица при аналитични записи (многотомни)
Заглавие на източника ОРБИТА
Международен стандартен номер на серията ISSN 0205-1141
Редна дума на основното описание Диомега ООД
Контролен номер на записа 292339
Място на издаване, издател и година Диомега 1969
Информация за връзката . //
856 ## - Електронен адрес и достъп
Инструкция (цена за достъп) 0.00
Права за достъп Достъп само през служебен интерфейс
Име на файла (електронен носител) Отворено писмо
Електронен формат pdf - файл
Път до файла (ресурса) http://185.138.176.146:18082/cgi-bin/koha/opac-retrieve-file.pl?id=c85d30ebef3a2cb29b57932f25afc097
Допълнителна информация (Корица, съдържание, пълен текст, звуков файл, HTML файл) Електронна книга
942 ## - АРТИКУЛИ
Източник на класификационната схема Universal Decimal Classification
Вид на библиотечния документ Статия
Скрит в OPAC Не
944 ## - СЪЗДАВАНЕ И РЕДАКЦИЯ на ЗАПИСА
Дата на регистрацията/редакция Севдалина Тодорова
Служител, извършил регистрацията/редакцията 30560
Номер на служител Геновева Генчева
999 ## - СИСТЕМНИ КОНТРОЛНИ НОМЕРА
Koha biblionumber 500479
Koha biblioitemnumber 500479
999 ## - СИСТЕМНИ КОНТРОЛНИ НОМЕРА
Koha biblioitemnumber 500479
999 ## - СИСТЕМНИ КОНТРОЛНИ НОМЕРА
Koha biblioitemnumber 500479

Няма налични копия.

Vip Innovations Ltd, Rousse, Bulgaria 2025